000 00732nam a22001937a 4500
003 JO-AjAnu
005 20251012131017.0
008 251012b jo ||||| |||| 00| 0 ara d
020 _a978-9923-32-368-7
022 _a5571/10/2024
040 _aANU
_cJO-AjAnu
041 _hARA
100 _aالدراويش، وجيه يونس محمد
_eمؤلف
_966750
245 _aقاموس مصطلحات الكاراتيه = The Karate Dictionary
_c / إعداد وتاليف وجيه يونس محمد الدراويش
260 _aعمان :
_bدار يافا للنشر والتوزيع،
_c2024
300 _a123 صفحة
650 _vالكاراتيه-فنون القتال-معجم المصطلحات
942 _2lcc
_cREF
_n0
999 _c34047
_d34047